| 000 | 00392nam a2200169Ia 4500 | ||
|---|---|---|---|
| 008 | 230516s9999 xx 000 0 und d | ||
| 041 | _aeng | ||
| 082 |
_a615 _bGAR |
||
| 100 | _aGARRACIGHY | ||
| 245 | _aPHARMACY EXAMINATION REVIEW | ||
| 260 |
_aDELHI _bC.B.S. PUBLISHERS & DISTRUTORS _c1988 |
||
| 300 | _a278 | ||
| 365 | _h15 | ||
| 500 | _aPB | ||
| 520 | _aREF | ||
| 650 | _aREFERENCE | ||
| 999 |
_c362551 _d362551 |
||